Statistics for Jack White Charting Songs (Billboard Hot Rock)

Click here to take the quiz!

General Stats

  • This quiz has been taken 4 times
  • The average score is 4 of 11

Answer Stats

AlbumWeeks OnPeakArtist(s)Song% Correct
Lazaretto17 Weeks#15Jack WhiteLazaretto
100%
Blunderbuss17 Weeks#27Jack WhiteLove Interruption
50%
Blunderbuss10 Weeks#30Jack WhiteSixteen Saltines
50%
Fear of the Dawn18 Weeks#27Jack WhiteTaking Me Back
50%
Boarding House Reach4 Weeks#27Jack WhiteConnected by Love
25%
Lazaretto3 Weeks#28Jack WhiteHigh Ball Stepper
25%
The Great Gatsby3 Weeks#24Jack WhiteLove is Blindness
25%
Boarding House Reach2 Weeks#33Jack WhiteOver and Over and Over
25%
Blunderbuss4 Weeks#35Jack WhiteFreedom at 21
0%
Lazaretto1 Week#29Jack WhiteJust One Drink
0%
Rome13 Weeks#33Danger Mouse & Daniele Luppi Staring Jack WhiteTwo Against One
0%

Score Distribution

Percentile by Number Answered

Percent of People with Each Score

Your Score History

You have not taken this quiz